|
|
|
|
| LEADER |
00000cam a2200000 a 4500 |
| 001 |
vtls001361261 |
| 003 |
SK-MaSNL |
| 005 |
20260301201054.0 |
| 008 |
251124s1998 xo a 0 0 0 slo |
| 015 |
|
|
|a SNBA1999/08-02945
|
| 020 |
|
|
|a 8085576201
|
| 035 |
|
|
|a SNK000314838
|
| 035 |
|
|
|a urn:nbn:sk:snk-amthwo
|
| 035 |
|
|
|a urn:nbn:sk:snk-am00c5am
|
| 035 |
|
|
|a 340EE391-152B-4457-980D-84B72E341321
|
| 040 |
|
|
|a SNK
|b slo
|c SNK
|e AACR2
|
| 041 |
0 |
|
|a slo
|
| 044 |
|
|
|a xo
|c SK
|
| 080 |
|
|
|a 343(035)
|2 1981
|
| 100 |
1 |
|
|a Hrubala, Ján,
|d 1964-
|4 aut
|
| 245 |
1 |
0 |
|a Trestné právo
|c Ján Hrubala, Pavol Žilinčík ; [ilustrácie: Ivan Čaputa, Vladimír Ďurikovič]
|
| 250 |
|
|
|a 1. vyd.
|
| 260 |
|
|
|a Bratislava
|b JASPIS
|c 1998
|
| 300 |
|
|
|a 40 s.
|b il.
|c 30 cm
|
| 490 |
1 |
|
|a Právo pre každého
|v 2
|
| 500 |
|
|
|a Ilustr. na tit. strane
|
| 500 |
|
|
|a Vydané pre Open Society Foundation Bratislava
|
| 650 |
0 |
7 |
|a trestné právo
|2 SNKPH
|9 984
|
| 650 |
0 |
7 |
|a trestné činy
|2 SNKPH
|9 2181
|
| 650 |
0 |
7 |
|a ľudské práva
|2 SNKPH
|9 798
|
| 650 |
0 |
7 |
|a výchova k ľudským právam
|2 SNKPH
|9 69136
|
| 650 |
0 |
7 |
|a výchova k občianstvu
|2 SNKPH
|9 25192
|
| 655 |
|
7 |
|a príručky
|2 SNK
|9 74364
|
| 700 |
1 |
|
|a Žilinčík, Pavol,
|d 1968-
|4 aut
|9 254605
|
| 700 |
1 |
|
|a Čaputa, Ivan
|4 ill
|9 292882
|
| 700 |
1 |
|
|a Ďurikovič, Vladimír,
|d 1940-2021
|4 ill
|9 215013
|
| 710 |
0 |
|
|a Open Society Foundation (Bratislava, Slovensko)
|4 pbl
|9 292883
|
| 710 |
2 |
|
|a Street Law (program)
|4 aut
|9 292884
|
| 810 |
2 |
|
|a JASPIS (Bratislava, Slovensko)
|t Právo pre každého
|9 292885
|
| 810 |
2 |
|
|a JASPIS
|t Právo pre každého
|9 292886
|
| 919 |
|
|
|a 80-85576-20-1
|
| 958 |
|
|
|a TL
|
| 958 |
|
|
|a BQ
|
| 999 |
|
|
|c 893261
|d 895191
|
| 952 |
|
|
|t P60, <09>, [BOOK], {629}
|a SNK
|b SNK
|y NEVYP
|7 0
|o snkB 173
|i snk634/990428
|0 0
|1 0
|4 0
|d 1999-04-26
|l 0
|r 2005-01-02 00:00:00
|w 2026-02-24
|
| 952 |
|
|
|t P60, <03>, [BOOK], {603}
|a SNK
|b SNK
|y PREZ
|7 0
|p 17A0191552
|o snkSB 60145
|i snkKSP 4684/99
|0 0
|1 0
|4 0
|d 1999-04-26
|f 1
|l 0
|r 2025-04-09 00:00:00
|w 2026-02-24
|
| 952 |
|
|
|t P60, <04>, [BOOK], {604}
|a SNK
|b SNK
|y VYP
|7 0
|p 17A0191553
|o snkSB 60145 D1
|i snkKSP 4685/99
|0 0
|1 1
|4 0
|d 1999-04-26
|l 0
|r 2005-01-02 00:00:00
|w 2026-02-24
|